00876 2200229 4500001002100000005001500021035002000036007000300056008004100059020001800100082000800118084001400126100003200140245013700172250002100309260004800330300004300378500005200421650002600473700004100499520010600540INLIS00000000000021920230308113638 a0010-0323000009ta230308 g 0 ind  a979-9226-05-8 a031 a031 KRA e0 aKramer, Ann (editor senior)1 aEnsiklopedi Populer Anak Jilid 5 :bPeny-Sul /ceditor senior, Ann Kramer ; editor ahli edisi Indonesia, Prof. Dr. Conny R. Semiawan aCetakan II, 2000 aJakarta :bPT Ichtiar Baru Van Hoeve,c1998 a120 hlm :bilustrasi berwarna ;c28 cm aJudul asli : Children's Ilustrated Encyclopedia 4aEnsiklopedi dan Kamus0 aConny R. Semiawan (editor Indonesia) aEnsiklopedi Populer Anak adalah Jendela dunia anak untuk melihat, belajar dam meraih ilmu pengetahuan